Diccionario de términos médicos Inglés- Español / (Registro nro. 3168)
[ vista simple ]
| 000 -LEADER | |
|---|---|
| fixed length control field | 00629nam a2200193 a 4500 |
| 005 - FECHA ULTIMA MODIFICACION | |
| control field | 20240808092417.0 |
| 008 - CAMPO DE CONTROL (LIBRO) | |
| fixed length control field | 100706e1995||||sp f |||| 001 0 spa d |
| 020 ## - INTERNATIONAL STANDARD BOOK NUMBER | |
| ISBN | 8492050705 |
| 041 ## - CODIGO DE IDIOMA | |
| Código de idioma del texto/pista de sonido o título separado | spa |
| 092 ## - SIGNATURA TOPOGRAFICA DEWEY LOCAL | |
| número de clasificación | 610.3 |
| libristica | 76 |
| sección | RUI |
| 100 1# - ENTRADA PRINCIPAL--NOMBRE PERSONAL | |
| Nombre personal | Ruiz Torres, Francisco |
| 9 (RLIN) | 4201 |
| 245 ## - TITULO PROPIAMENTE DICHO | |
| Título | Diccionario de términos médicos Inglés- Español / |
| Mención de responsabilidad y remanente de la transcripción de la portada | Francisco Ruiz Torres |
| 250 ## - MENCION DE EDICION | |
| Mención de edición | 8a ed. |
| 260 ## - PIE DE IMPRENTA | |
| Lugar de publicación, distribución, etc | Villadolid: |
| Nombre de la editorial, distribuidor, etc | Zirtabe; |
| Fecha de publicación | 1995. |
| 300 ## - DESCRIPCION FISICA | |
| Extension | 649 p. |
| 500 ## - NOTA GENERAL | |
| Nota general | Ruiz Torres, F. (1995). Diccionario de términos médicos Inglés- Español. (8a ed.). Villadolid : Zirtabe. |
| 655 ## - MATERIA - GENERO/FORMA | |
| Género/Forma | Diccionario |
| -- | 4040 |
| 942 ## - ADDED ENTRY ELEMENTS (KOHA) | |
| Source of classification or shelving scheme | Dewey Decimal Classification |
| Item type | Libros |
| Koha issues (borrowed), all copies | 1 |
| Estado de retiro | Existencia | Fuente de clasificación | Estado general | No para prestamo | Ubicación permanente | ubicación actual | Sala de ubicación | Fecha de adquisición | Fuente de adquisición | Total Checkouts | Número de clasificación | Código de barras | Date last seen | Número de ejemplar | Price effective from | Koha tipo de elemento (item) | Public note | Coded location qualifier |
|---|---|---|---|---|---|---|---|---|---|---|---|---|---|---|---|---|---|---|
| Dewey Decimal Classification | Biblioteca Medicina | Biblioteca Medicina | Circulación | 01/08/2023 | Donación Julio 2023. | 610.03 76 RUI | 4864 | 01/08/2023 | Ej. 1 | 01/08/2023 | Libros | Donación Julio 2023 |